[Event "GER-ch 2013-D-V1 serv"]
[Site "GER email"]
[Date "2013.??.??"]
[Round "?"]
[White "Sprenger, Werner"]
[Black "Gebhardt, Ulrich"]
[Result "0-1"]
[WhiteElo "1809"]
[BlackElo "2015"]
[PlyCount "82"]
[EventDate "2013.10.20"]
[EventType "tourn (corr)"]
[EventRounds "6"]
[EventCountry "GER"]
[SourceTitle "Corr 2015"]
[Source "ChessBase"]
[SourceDate "2015.07.17"]
[SourceVersion "1"]
[SourceVersionDate "2015.07.17"]
[SourceQuality "1"]

1. d4 Nf6 2. c4 e6 3. Nf3 b6 4. g3 Bb7 5. Bg2 Be7 6. Nc3 0-0 7. 0-0 Ne4 8. Qd3 Nxc3 9. Qxc3 Bf6 10. Rd1 Qe7 11. Qd2 Na6 12. b3 c5 13. Bb2 Rfd8 14. d5 Bxb2 15. Qxb2 exd5 16. cxd5 Re8 17. d6 Qxe2 18. Qxe2 Rxe2 19. Nd4 Bxg2 20. Nxe2 Bf3 21. Rd2 Nb4 22. Nc3 Nc6 23. Nb5 f6 24. Re1 Ne5 25. Re3 Kf7 26. Nc7 Rg8 27. Rc2 g5 28. Nb5 a6 29. Na3 Bd5 30. Nc4 Bxc4 31. bxc4 g4 32. Ra3 a5 33. h3 h5 34. Rc1 Ke6 35. hxg4 hxg4 36. Rb3 Rb8 37. Kf1 Kxd6 38. Ke2 Kc6 39. a4 Rd8 40. Re3 d6 41. Kd2 d5 0-1

[Event "GER-ch 2012-A-V1 serv"]
[Site "GER email"]
[Date "2012.11.08"]
[Round "?"]
[White "Voetter, Hans Dieter"]
[Black "Sprenger, Werner"]
[Result "1-0"]
[WhiteElo "2121"]
[BlackElo "1818"]
[PlyCount "81"]
[EventDate "2012.03.19"]
[EventType "tourn (corr)"]
[EventRounds "6"]
[EventCountry "GER"]
[SourceTitle "Corr 2015"]
[Source "ChessBase"]
[SourceDate "2015.07.17"]
[SourceVersion "1"]
[SourceVersionDate "2015.07.17"]
[SourceQuality "1"]

1. c4 e5 2. Nc3 d6 3. g3 f5 4. Bg2 Nf6 5. d3 Be7 6. Nf3 0-0 7. 0-0 c5 8. a3 Nc6 9. Rb1 a5 10. Ne1 Be6 11. b3 d5 12. Nf3 h6 13. cxd5 Nxd5 14. Bb2 Nxc3 15. Bxc3 Qc7 16. Nd2 Bf6 17. Qc2 Nd4 18. Bxd4 exd4 19. b4 axb4 20. Rxb4 Rab8 21. Rfb1 b6 22. a4 Be5 23. Rb5 f4 24. Qc1 Qf7 25. Bf3 fxg3 26. hxg3 Qc7 27. Kg2 Bd7 28. Qc4+ Kh8 29. R5b2 Bd6 30. Ne4 Bc6 31. Qe6 Be5 32. a5 b5 33. Rh1 Rbe8 34. Qg6 Bd7 35. Ng5 Bf5 36. Rxh6+ gxh6 37. Qxh6+ Bh7 38. Be4 Rf7 39. Qh5 Ref8 40. Nxf7+ Rxf7 41. Rxb5 1-0

[Event "GER-ch 2012-B-V1 post"]
[Site "GER email"]
[Date "2012.05.15"]
[Round "?"]
[White "Sprenger, Werner"]
[Black "Gierth, Karlheinz"]
[Result "0-1"]
[WhiteElo "1818"]
[BlackElo "2049"]
[PlyCount "64"]
[EventDate "2012.05.15"]
[EventType "tourn (corr)"]
[EventRounds "6"]
[EventCountry "GER"]
[SourceTitle "Corr 2015"]
[Source "ChessBase"]
[SourceDate "2015.07.17"]
[SourceVersion "1"]
[SourceVersionDate "2015.07.17"]
[SourceQuality "1"]

1. d4 Nf6 2. Nf3 d5 3. c4 e6 4. e3 c5 5. Nc3 Nc6 6. Bd3 dxc4 7. Bxc4 a6 8. 0-0 b5 9. Bd3 Bb7 10. a4 b4 11. Ne4 Nxe4 12. Bxe4 Rc8 13. Qe2 Qc7 14. Bd2 Na5 15. Bxb7 Qxb7 16. e4 cxd4 17. Nxd4 Bc5 18. Nf3 0-0 19. Rad1 Rfd8 20. Bf4 h6 21. Rd3 Rxd3 22. Qxd3 Bb6 23. h3 Rd8 24. Qc2 b3 25. Qe2 Rc8 26. Rc1 Rxc1+ 27. Bxc1 Qc6 28. Bd2 Qc2 29. Qxa6 Nc4 30. a5 Bxf2+ 31. Kxf2 Nxd2 32. Nd4 Qxb2 0-1

[Event "GER-ch 2012-A-V1 serv"]
[Site "GER email"]
[Date "2012.??.??"]
[Round "?"]
[White "Sprenger, Werner"]
[Black "Klapp, Herwig"]
[Result "0-1"]
[WhiteElo "1818"]
[BlackElo "2190"]
[PlyCount "50"]
[EventDate "2012.03.19"]
[EventType "tourn (corr)"]
[EventRounds "6"]
[EventCountry "GER"]
[SourceTitle "Corr 2015"]
[Source "ChessBase"]
[SourceDate "2015.07.17"]
[SourceVersion "1"]
[SourceVersionDate "2015.07.17"]
[SourceQuality "1"]

1. d4 Nf6 2. Nf3 d5 3. Nc3 g6 4. h3 Bg7 5. Bf4 0-0 6. e3 b6 7. Be2 Bb7 8. 0-0 Nbd7 9. a4 Ne4 10. a5 Nxc3 11. bxc3 a6 12. axb6 cxb6 13. Qb1 b5 14. Qb4 Rc8 15. Ra5 Re8 16. Rfa1 Rc6 17. Bd3 Qc8 18. R5a3 Bf8 19. Qb2 f6 20. e4 e5 21. dxe5 fxe5 22. Be3 Bxa3 23. Rxa3 Nf6 24. Nd2 Rc7 25. c4 bxc4 0-1

[Event "GER-ch51 V3 email"]
[Site "GER email"]
[Date "2009.??.??"]
[Round "?"]
[White "Sprenger, Werner"]
[Black "Just, Joachim"]
[Result "1/2-1/2"]
[WhiteElo "1917"]
[BlackElo "2050"]
[PlyCount "81"]
[EventDate "2009.??.??"]
[EventType "tourn (corr)"]
[EventRounds "6"]
[EventCountry "GER"]
[SourceTitle "Corr 2011"]
[Source "ChessBase"]
[SourceDate "2010.08.31"]
[SourceVersion "1"]
[SourceVersionDate "2010.08.31"]
[SourceQuality "1"]

1. d4 f5 2. Nf3 Nf6 3. c4 e6 4. Nc3 Bb4 5. Qb3 a5 6. Bg5 0-0 7. a3 a4 8. Qc2 Bxc3+ 9. Qxc3 h6 10. Bxf6 Qxf6 11. g3 d6 12. Bg2 Nc6 13. 0-0 e5 14. dxe5 dxe5 15. Rfd1 Be6 16. e3 Rad8 17. Bf1 f4 18. exf4 exf4 19. Qxf6 Rxf6 20. Rxd8+ Nxd8 21. Nd4 Bg4 22. c5 Ne6 23. Bc4 Kf8 24. Bxe6 Bxe6 25. Re1 Bc4 26. g4 g5 27. h4 gxh4 28. Kh2 b6 29. Re5 Bf1 30. Ne6+ Kf7 31. Nxc7 Rc6 32. Rf5+ Kg7 33. cxb6 Rxb6 34. Kg1 Be2 35. Rxf4 Rxb2 36. Ne6+ Kg6 37. Rxa4 Bf3 38. Nf4+ Kf6 39. Ng2 Kg5 40. Ra5+ Kxg4 41. Ra4+ 1/2-1/2